Statistics for Dragon Quiz

Click here to take the quiz!

General Stats

  • This quiz has been taken 3 times
  • The average score is 9 of 23

Answer Stats

HintAnswer% Correct
Dragon with two wings and two legsWyvern
100%
Mulan's guardianMushu
100%
Relative of the seahorseLeafy Seadragon
67%
And is the national symbol ofWales
67%
Basil Fawlty's winning horseDragonfly
67%
This dragon became the Yangtze RiverThe Long Dragon
33%
Y Ddraig Goch meansRed Dragon
33%
And is the national symbol ofBhutan
33%
Druk is the dragon ofThunder
33%
The evolved form of DragonairDragonite
33%
Venomous dragon native to SussexKnucker
33%
Type of feathered dragonAmphithere
33%
Daedric prince known as the 'taskmaster'Peryite
33%
Elder Scrolls dragon god of timeAkatosh
33%
Norse dragon that gnaws the roots of the YggdrasilNíðhöggr
33%
This dragon became the Heilongjiang RiverThe Black Dragon
33%
This dragon became the Huanghe RiverThe Yellow River
33%
This dragon became the Zhujiang RiverThe Pearl Dragon
33%
Pete's DragonElliott
33%
Friend of SparxSpyro
0%
Godzilla's three-headed dragon foeKing Ghidorah
0%
The Munsters' pet dragonSpot
0%
Common name for AntirrhinumSnapdragon
0%

Score Distribution

Percentile by Number Answered

Percent of People with Each Score

Your Score History

You have not taken this quiz